Missing Word: 'Hamilton' Songs Quiz Stats

 Plays Quiz Updated Oct 17, 2018

Score 0/20 Timer 04:00
1 Play Today
Song Missing Word % Correct
Alexander ____Hamilton
95.6%
Who Lives, Who Dies, Who Tells Your ____Story
92.7%
____ Duel CommandmentsTen
91.6%
____ No to ThisSay
91.1%
The Schuyler ____Sisters
88.8%
The ____ Was Wide EnoughWorld
86.9%
Aaron Burr, ____Sir
86.5%
The ____ Where It HappensRoom
85.8%
____ TheodosiaDear
85.8%
____ Last TimeOne
85.5%
Song Missing Word % Correct
____ Us All AwayBlow
82.4%
____ Has Its Eyes on YouHistory
82.1%
You'll Be ____Back
81.3%
It's ____ UptownQuiet
81.1%
The Story of ____Tonight
78.8%
Stay ____Alive
78%
The Reynolds ____Pamphlet
76.8%
The ____ of 1800Election
76.6%
My ____Shot
76.1%
That Would Be ____Enough
75.1%

Today's Daily Dose

You're not logged in!

Compare scores with friends on all Sporcle quizzes.
OR
Log In

Sporcle TV

Today on Sporcle TV


Watch our educational content, quiz creation guides, and fun videos on Sporcle TV.

Show Comments

Extras

Top Quizzes Today


Score Distribution

Your Account Isn't Verified!

In order to create a playlist on Sporcle, you need to verify the email address you used during registration. Go to your Sporcle Settings to finish the process.

Report this User

Report this user for behavior that violates our Community Guidelines.

Details: